[Event "Barbera del Valles op 32nd"]
[Site "Barbera del Valles"]
[Date "2009.07.11"]
[Round "8"]
[White "Garcia Castro, Pablo"]
[Black "Bardera Gil, Sergi"]
[Result "1-0"]
[WhiteElo "2390"]
[BlackElo "2033"]
[PlyCount "55"]
[EventDate "2009.07.04"]
[EventType "swiss"]
[EventRounds "9"]
[EventCountry "ESP"]
[SourceTitle "CBM 131 Extra"]
[Source "ChessBase"]
[SourceDate "2009.09.03"]
[SourceVersion "2"]
[SourceVersionDate "2009.09.16"]
[SourceQuality "1"]

1. e4 c5 2. Nf3 Nc6 3. Be2 Nf6 4. d3 g6 5. 0-0 d6 6. c3 Bg7 7. a3 0-0 8. b4 e5 9. Nbd2 Qe7 10. Re1 d5 11. exd5 Nxd5 12. Bb2 cxb4 13. axb4 Nf4 14. b5 Nd8 15. Ba3 Qe6 16. Bxf8 Qg4 17. g3 Kxf8 18. Nxe5 Nh3+ 19. Kg2 Qf5 20. Bg4 Qxf2+ 21. Kxh3 f5 22. Rf1 Qe3 23. Nec4 Qxd3 24. Bf3 Be6 25. Nb6 Rb8 26. Rxa7 Qxb5 27. Ndc4 Nf7 28. Ra5 1-0

[Event "Barbera del Valles op 32nd"]
[Site "Barbera del Valles"]
[Date "2009.07.07"]
[Round "4"]
[White "Bardera Gil, Sergi"]
[Black "Garcia Roman, Daniel"]
[Result "0-1"]
[WhiteElo "2033"]
[BlackElo "2464"]
[PlyCount "70"]
[EventDate "2009.07.04"]
[EventType "swiss"]
[EventRounds "9"]
[EventCountry "ESP"]
[SourceTitle "CBM 131 Extra"]
[Source "ChessBase"]
[SourceDate "2009.09.03"]
[SourceVersion "2"]
[SourceVersionDate "2009.09.16"]
[SourceQuality "1"]

1. e4 c5 2. Nf3 d6 3. d4 cxd4 4. Nxd4 Nf6 5. Nc3 g6 6. Be3 Bg7 7. f3 Nc6 8. Bc4 0-0 9. Qd2 Bd7 10. g4 Ne5 11. Be2 Rc8 12. h4 Nc4 13. Bxc4 Rxc4 14. h5 Qa5 15. 0-0-0 Rxc3 16. Qxc3 Qxa2 17. hxg6 hxg6 18. Qb4 b6 19. Bh6 Rc8 20. Bxg7 Kxg7 21. Nb3 Kg8 22. Rh2 Ba4 23. Rd3 Bxb3 24. Rxb3 Qa1+ 25. Kd2 Qg1 26. Re2 Nd7 27. Rc3 Rxc3 28. Qxc3 Ne5 29. b3 Qf1 30. Re3 b5 31. Qa5 Qf2+ 32. Re2 Nxf3+ 33. Kd1 Qf1+ 34. Re1 Qxe1+ 35. Qxe1 Nxe1 0-1

[Event "Barbera del Valles op 32nd"]
[Site "Barbera del Valles"]
[Date "2009.07.05"]
[Round "2"]
[White "Bardera Gil, Sergi"]
[Black "Matnadze, Ana"]
[Result "0-1"]
[WhiteElo "2033"]
[BlackElo "2413"]
[PlyCount "62"]
[EventDate "2009.07.04"]
[EventType "swiss"]
[EventRounds "9"]
[EventCountry "ESP"]
[SourceTitle "CBM 131 Extra"]
[Source "ChessBase"]
[SourceDate "2009.09.03"]
[SourceVersion "2"]
[SourceVersionDate "2009.09.16"]
[SourceQuality "1"]

1. e4 c5 2. Nf3 d6 3. d4 cxd4 4. Nxd4 Nf6 5. Nc3 Nc6 6. Be2 Nxd4 7. Qxd4 g6 8. h4 Bg7 9. Qd3 h5 10. f3 Be6 11. Be3 0-0 12. 0-0-0 Qa5 13. Kb1 Rfc8 14. Bd4 Rab8 15. Qb5 Qxb5 16. Bxb5 a6 17. Ba4 b5 18. Bb3 Bc4 19. Nd5 Nxd5 20. exd5 a5 21. Bxg7 Kxg7 22. Rd4 a4 23. Bxc4 bxc4 24. c3 a3 25. Rd2 Rb5 26. Re1 Rc7 27. Re4 Rcb7 28. Ree2 Rc7 29. Rd4 Ra7 30. Rdd2 axb2 31. Rd4 Rxa2 0-1

[Event "ESP-ch U16"]
[Site "Padron"]
[Date "2008.07.21"]
[Round "3"]
[White "Bardera Gil, Sergi"]
[Black "Gomez Calomarde, Saul"]
[Result "1-0"]
[WhiteElo "2101"]
[BlackElo "2008"]
[PlyCount "41"]
[EventDate "2008.07.20"]
[EventType "swiss"]
[EventRounds "9"]
[EventCountry "ESP"]
[SourceTitle "EXT 2010"]
[Source "ChessBase"]
[SourceDate "2010.11.25"]
[SourceVersion "1"]
[SourceVersionDate "2010.11.25"]
[SourceQuality "1"]

1. e4 c5 2. Nf3 g6 3. d4 cxd4 4. Nxd4 Bg7 5. Be3 Nc6 6. Nc3 Nf6 7. Bc4 Qa5 8. 0-0 0-0 9. Kh1 Qb4 10. Bb3 Ng4 11. Qxg4 Bxd4 12. Nd5 Qc5 13. Bxd4 Qxd4 14. c3 Qg7 15. Qh4 g5 16. Qg3 b5 17. f4 gxf4 18. Qxf4 d6 19. Rf3 Qe5 20. Qh6 Bd7 21. Nf6+ 1-0

[Event "Barbera del Valles op 31st"]
[Site "Barbera del Valles"]
[Date "2008.07.13"]
[Round "9"]
[White "Bardera Gil, Sergi"]
[Black "Ortega Serra, Marc"]
[Result "1/2-1/2"]
[WhiteElo "2101"]
[BlackElo "1974"]
[PlyCount "29"]
[EventDate "2008.07.04"]
[EventType "swiss"]
[EventRounds "9"]
[EventCountry "ESP"]
[SourceTitle "CBM 125 Extra"]
[Source "ChessBase"]
[SourceDate "2008.09.01"]
[SourceVersion "1"]
[SourceVersionDate "2008.09.01"]
[SourceQuality "1"]

1. e4 e6 2. d4 d5 3. Nd2 Nf6 4. e5 Nfd7 5. Bd3 c5 6. c3 Nc6 7. Ne2 Qb6 8. Nf3 Be7 9. 0-0 a6 10. a3 a5 11. Bc2 cxd4 12. cxd4 Nf8 13. Rb1 Ng6 14. Nf4 Bd7 15. Be3 1/2-1/2

[Event "Catalunya-ch U16"]
[Site "Vila Seca"]
[Date "2007.04.04"]
[Round "8"]
[White "Moreno Martin, Daniel"]
[Black "Bardera Gil, Sergi"]
[Result "0-1"]
[WhiteElo "2003"]
[BlackElo "1844"]
[PlyCount "74"]
[EventDate "2007.03.31"]
[EventType "swiss"]
[EventRounds "8"]
[EventCountry "ESP"]
[SourceTitle "EXT 2023"]
[Source "ChessBase"]
[SourceDate "2022.10.05"]
[SourceVersion "1"]
[SourceVersionDate "2022.10.05"]
[SourceQuality "1"]

1. e4 c5 2. Nc3 e6 3. f4 d5 4. Bb5+ Nc6 5. Nf3 Nf6 6. e5 Nd7 7. Bxc6 bxc6 8. 0-0 Be7 9. Qe1 0-0 10. d3 Kh8 11. Qg3 Nb6 12. Ne2 f6 13. Qh3 Qe8 14. Bd2 Rb8 15. Rae1 c4 16. Ned4 f5 17. Ng5 Bxg5 18. fxg5 c5 19. Ne2 cxd3 20. cxd3 Nd7 21. b3 Ba6 22. Nf4 g6 23. Qh6 Rg8 24. Nxd5 exd5 25. e6 Bxd3 26. Rf3 Be4 27. Bf4 Qxe6 28. Rh3 Rg7 29. Bxb8 Nxb8 30. Rc1 Nd7 31. a4 Kg8 32. a5 d4 33. b4 c4 34. b5 Qd5 35. b6 axb6 36. axb6 Nxb6 37. Ra1 d3 0-1

[Event "Catalunya-ch U16"]
[Site "Vila Seca"]
[Date "2007.04.01"]
[Round "2"]
[White "Vela Villares, Hector"]
[Black "Bardera Gil, Sergi"]
[Result "1-0"]
[WhiteElo "2038"]
[BlackElo "1844"]
[PlyCount "41"]
[EventDate "2007.03.31"]
[EventType "swiss"]
[EventRounds "8"]
[EventCountry "ESP"]
[SourceTitle "EXT 2023"]
[Source "ChessBase"]
[SourceDate "2022.10.05"]
[SourceVersion "1"]
[SourceVersionDate "2022.10.05"]
[SourceQuality "1"]

1. d4 f5 2. e4 fxe4 3. Nc3 Nf6 4. Bg5 c6 5. f3 e3 6. Bxe3 d5 7. Bd3 e6 8. Qd2 Nbd7 9. Bf4 Nb6 10. Qf2 Nh5 11. Be3 Bd6 12. Nh3 Be7 13. 0-0-0 Bd7 14. g4 Nf6 15. g5 Nh5 16. Qh4 g6 17. Rhg1 Bd6 18. Ne2 Qc7 19. Ng3 Bxg3 20. hxg3 0-0-0 21. g4 1-0